[Event "Bassano del Grappa Easter op-A 2nd"]
[Site "Bassano del Grappa"]
[Date "2022.04.18"]
[Round "8"]
[White "Celadon, Alberto"]
[Black "Colonetti, Fabio"]
[Result "0-1"]
[WhiteElo "1882"]
[BlackElo "2144"]
[PlyCount "70"]
[EventDate "2022.04.14"]
[EventType "swiss"]
[EventRounds "9"]
[EventCountry "ITA"]
[SourceTitle "EXT 2024"]
[Source "ChessBase"]
[SourceDate "2023.10.10"]
[SourceVersion "1"]
[SourceVersionDate "2023.10.10"]
[SourceQuality "1"]

1. e4 c5 2. Nf3 d6 3. d4 cxd4 4. Nxd4 Nf6 5. Nc3 a6 6. Bg5 Nbd7 7. f4 Qc7 8. Qf3 b5 9. a3 Bb7 10. 0-0-0 g6 11. g4 Bg7 12. Bg2 Rc8 13. Qe2 Qc4 14. Bf3 Qxe2 15. Ndxe2 0-0 16. Rhf1 Rc7 17. Bxf6 Bxf6 18. Nd5 Bxd5 19. exd5 Rfc8 20. c3 a5 21. g5 Bg7 22. Nd4 Bxd4 23. Rxd4 Rc4 24. Rfd1 Nb6 25. Be2 Rxd4 26. Rxd4 Rc5 27. Bf3 Nc4 28. b3 Nb6 29. Kd2 a4 30. bxa4 Nxa4 31. Rxa4 bxa4 32. Kd3 Rb5 33. Bd1 Rxd5+ 34. Ke2 Rf5 35. Ke3 e5 0-1

[Event "Bassano del Grappa Easter op-A 2nd"]
[Site "Bassano del Grappa"]
[Date "2022.04.17"]
[Round "7"]
[White "Hercegovac, Neven"]
[Black "Celadon, Alberto"]
[Result "1-0"]
[WhiteElo "2105"]
[BlackElo "1882"]
[PlyCount "51"]
[EventDate "2022.04.14"]
[EventType "swiss"]
[EventRounds "9"]
[EventCountry "ITA"]
[SourceTitle "EXT 2024"]
[Source "ChessBase"]
[SourceDate "2023.10.10"]
[SourceVersion "1"]
[SourceVersionDate "2023.10.10"]
[SourceQuality "1"]

1. e4 c5 2. Nf3 d6 3. d4 cxd4 4. Nxd4 Nf6 5. Nc3 g6 6. Bc4 Bg7 7. h3 0-0 8. Bb3 Nc6 9. Be3 Bd7 10. 0-0 Na5 11. Qd3 Nxb3 12. axb3 a6 13. Rfe1 e5 14. Nf3 Bc6 15. Rad1 Qe7 16. Qxd6 Qxd6 17. Rxd6 Nxe4 18. Rxc6 bxc6 19. Nxe4 f5 20. Nc3 Rfe8 21. Nd2 Rad8 22. Nc4 e4 23. Ra1 Ra8 24. Na4 Red8 25. Nc5 a5 26. Ne6 1-0

[Event "Bassano del Grappa Easter op-A 2nd"]
[Site "Bassano del Grappa"]
[Date "2022.04.15"]
[Round "4"]
[White "Celadon, Alberto"]
[Black "Vincenti, Leonardo"]
[Result "1-0"]
[WhiteElo "1882"]
[BlackElo "1731"]
[PlyCount "97"]
[EventDate "2022.04.14"]
[EventType "swiss"]
[EventRounds "9"]
[EventCountry "ITA"]
[SourceTitle "EXT 2024"]
[Source "ChessBase"]
[SourceDate "2023.10.10"]
[SourceVersion "1"]
[SourceVersionDate "2023.10.10"]
[SourceQuality "1"]

1. e4 c5 2. Nf3 d6 3. d4 cxd4 4. Nxd4 Nf6 5. Nc3 a6 6. Bg5 e6 7. f4 Be7 8. Qf3 Nbd7 9. 0-0-0 Qc7 10. g4 b5 11. Bxf6 Nxf6 12. g5 Nd7 13. f5 Bxg5+ 14. Kb1 e5 15. Nd5 Qb7 16. Nb3 Nb6 17. h4 Bd8 18. Rg1 Nxd5 19. Rxd5 Bf6 20. Rxd6 Qe7 21. Rd1 Qc7 22. Bd3 Bb7 23. Nd2 Qb6 24. Rg2 0-0-0 25. Nf1 Kb8 26. Ne3 Rd4 27. Ng4 Rhd8 28. Nxf6 Qxf6 29. Rh1 Qd6 30. b3 Qf6 31. Rf2 Bc6 32. h5 h6 33. Rg2 a5 34. Rhg1 Rg8 35. Rg4 a4 36. c3 Rd7 37. Bc2 Kb7 38. Qg2 axb3 39. axb3 Ra8 40. b4 Qd8 41. Qf2 Rd2 42. Qe3 Rd7 43. Kb2 Qb6 44. Qxb6+ Kxb6 45. Rxg7 Rda7 46. Bb3 Bxe4 47. Re1 Bxf5 48. Rxe5 Bg4 49. Rxg4 1-0

[Event "Bassano del Grappa Easter op-A 2nd"]
[Site "Bassano del Grappa"]
[Date "2022.04.14"]
[Round "2"]
[White "Celadon, Alberto"]
[Black "Kolb, Tobias"]
[Result "0-1"]
[WhiteElo "1882"]
[BlackElo "2316"]
[PlyCount "54"]
[EventDate "2022.04.14"]
[EventType "swiss"]
[EventRounds "9"]
[EventCountry "ITA"]
[SourceTitle "EXT 2024"]
[Source "ChessBase"]
[SourceDate "2023.10.10"]
[SourceVersion "1"]
[SourceVersionDate "2023.10.10"]
[SourceQuality "1"]

1. e4 c6 2. d4 d5 3. Nd2 dxe4 4. Nxe4 Nf6 5. Nxf6+ exf6 6. c3 Bd6 7. Bd3 0-0 8. Qc2 Re8+ 9. Ne2 h5 10. 0-0 h4 11. h3 Nd7 12. Be3 Nf8 13. Rfe1 Bd7 14. Rad1 Qc8 15. Nf4 Ne6 16. Nxe6 Bxe6 17. f4 f5 18. c4 g6 19. Rb1 Rb8 20. Qf2 Qd8 21. d5 cxd5 22. cxd5 Bxd5 23. Bxa7 Rxe1+ 24. Rxe1 b6 25. Bxb8 Bc5 26. Bb5 Bxf2+ 27. Kxf2 Be4 0-1

[Event "Chioggia op-B 14th"]
[Site "Chioggia"]
[Date "2019.10.05"]
[Round "3"]
[White "Celadon, Alberto"]
[Black "Virga, Massimo"]
[Result "1/2-1/2"]
[WhiteElo "1391"]
[BlackElo "1564"]
[PlyCount "69"]
[EventDate "2019.10.04"]
[EventType "swiss"]
[EventRounds "5"]
[EventCountry "ITA"]
[SourceTitle "EXT 2022"]
[Source "ChessBase"]
[SourceDate "2021.10.06"]
[SourceVersion "1"]
[SourceVersionDate "2021.10.06"]
[SourceQuality "1"]

1. e4 c5 2. Nf3 e6 3. d4 cxd4 4. Nxd4 a6 5. Bc4 Qc7 6. Bb3 Nf6 7. f3 Be7 8. Be3 Nc6 9. c3 Na5 10. Nd2 Nxb3 11. N2xb3 b6 12. 0-0 Bb7 13. Bf2 0-0 14. Bg3 d6 15. Re1 Nd7 16. f4 Nc5 17. e5 dxe5 18. fxe5 Rad8 19. Qg4 Bd5 20. Bf4 Kh8 21. Re3 f5 22. exf6 Bxf6 23. Bxc7 Rd7 24. Bxb6 Na4 25. Bc5 Re8 26. Ba3 Nb6 27. Nc5 Ra7 28. Ndxe6 Nc4 29. Rd3 Ne5 30. Qd1 Nxd3 31. Qxd3 Bxe6 32. Nxe6 Rxe6 33. Qf1 Ra8 34. Re1 Rb6 35. Qe2 1/2-1/2